Prénoms filles 2009 - Statistiques

Statistiques générales
  • Ce quiz a été pris 230 fois
  • Le résultat moyen est 54 sur 100
Statistiques - réponses
Hint Lettre Prénoms % Correct
1 E Emma
95%
17 L Lou
93%
7 Z Zoé
93%
2 L Léa
90%
4 C Chloé
87%
28 M Marie
87%
5 M Manon
86%
62 C Camille
83%
3 J Jade
83%
9 L Louise
83%
10 C Clara
79%
23 J Juliette
79%
38 A Anna
76%
69 S Sara
76%
47 P Pauline
74%
34 J Jeanne
73%
31 | 45 J Julia
73%
19 I Inès
70%
12 L Lucie
70%
21 L Lina
69%
29 A Alice
68%
24 L Lisa
68%
22 R Romane
68%
26 C Charlotte
67%
36 L Laura
67%
6 L Lola
67%
44 E Élise
66%
40 R Rose
66%
13 L Léna
65%
14 S Sarah
64%
8 L Lilou
63%
18 C Clémence
62%
25 O Océane
62%
20 E Eva
61%
51 M Margot
61%
33 N Nina
61%
58 E Élisa
60%
64 L Lise
60%
15 L Louna
60%
37 N Noémie
60%
35 M Mathilde
59%
77 E Éloïse
58%
41 J Justine
58%
54 E Émilie
57%
63 V Valentine
57%
16 A Anaïs
56%
27 L Louane
56%
79 M Marine
56%
53 M Margaux
55%
75 O Olivia
54%
39 L Luna
53%
30 A Ambre
52%
32 C Célia
52%
93 M Marion
52%
81 H Héloïse
51%
43 L Lana
51%
48 L Lily
51%
42 M Maëlle
51%
80 V Victoria
50%
46 A Alicia
49%
56 G Gabrielle
49%
74 Y Yasmine
49%
57 E Élena
48%
11 M Maëlys
48%
59 A Agathe
46%
61 L Léane
45%
82 N Ninon
45%
70 E Elsa
44%
84 C Cloé
43%
85 M Mila
43%
78 A Adèle
42%
52 L Léonie
42%
76 S Salomé
41%
49 M Mélissa
40%
96 M Morgane
40%
87 S Sofia
39%
83 L Léana
38%
72 E Emy
36%
65 M Maya
36%
68 A Amandine
35%
73 F Faustine
35%
50 M Maeva
35%
55 M Mélina
35%
92 M Méline
32%
97 C Cassandra
30%
86 C Charline
30%
90 E Éléa
30%
95 E Emmy
29%
60 A Anaëlle
28%
66 C Capucine
27%
94 T Thaïs
27%
71 C Candice
26%
67 L Loane
24%
88 A Andréa
21%
98 L Lyna
21%
89 A Aya
15%
91 M Maïa
15%
99 L Lylou
10%
100 M Manël
8%
Aucun quiz correspondant
Distribution des résultats
% des personnes avec chaque résultat
Percentile par nombre de réponses
Votre historique - résultats
Vous n’avez pas pris ce quiz